00285nam a2200121Ia 4500008004100000082001600041100001800057245002800075250000800103260002600111300000800137650001800145150301s2014 xx 000 0 und d a617.7bR14K aKHURANA, A.K. aREVIEW OF OPHTHALMOLOGY a5TH bNEW AGE.aINDIAc2014 a388 aOPHTHALMOLOGY